000 00581nam a2200193 a 4500
001 1770284920425
003 YourLibrary
005 20260205152337.0
008 260205s1992##################000#0#eng##
020 _a9781852786427
082 0 4 _a330.16
_bBAL
100 1 _a(Economics), British Association for the Advancement of Science. Section F,
_eauthor.
245 1 0 _aThe Economics of Wealth Creation :
260 _bEdward Elgar Publishing,
_c1992.
300 _a268 pages
650 0 _aBusiness & Economics.
942 _cENGLISH
040 _aYourLibrary
_beng
_cYourLibrary
999 _c610372
_d610372